000
00323pam a2200133 a 4500
020
_c
041
_h
082
_a
657.42
100
_a
LAL (Jawahar)
_e
author
245
_a
Cost Accounting.
_h
Textual Document
260
_b
Tata McGraw-Hil Publication Company Limited . Delhi
_c
2002
300
_a
xxi ,568
930
_a
2103
999
_c
821317
_d
821317